Tost Kertészeti Hirdetője. - 7.évf. (1926) 7-8. sz.
Elmentve itt :
| Dokumentumtípus: | Folyóirat |
|---|---|
| Megjelent: |
1926
|
| Sorozat: | Tost Kertészeti Hirdetője
7 No. 7-8 |
| Online Access: | http://misc.bibl.u-szeged.hu/56901 |
| LEADER | 00494nas a2200133 i 4500 | ||
|---|---|---|---|
| 001 | misc56901 | ||
| 005 | 20200602141940.0 | ||
| 008 | 200602s1926 hu o 0|| zxx d | ||
| 040 | |a SZTE Miscellanea Repozitórium |b hun | ||
| 041 | |a zxx | ||
| 245 | 0 | 0 | |a Tost Kertészeti Hirdetője. - 7.évf. (1926) 7-8. sz. |h [elektronikus dokumentum] |
| 260 | |c 1926 | ||
| 490 | 0 | |a Tost Kertészeti Hirdetője |v 7 No. 7-8 | |
| 856 | 4 | 0 | |u http://misc.bibl.u-szeged.hu/56901/1/tost_kerteszeti_hirdetoje_1926_007-008.pdf |z Dokumentum-elérés |